000 00409nam a2200181Ia 4500
001 4252
005 20260306145742.0
008 260306t2008||||xx |||||||||||||| ||spa||
041 _aESP
082 _a320.1
_bB114
100 _aBakunin, Mijaíl,
_eAUT
245 0 _aDios y el estado
260 _c2008
300 _a205 páginas :
_c20 cm.
650 _aGEN
654 _aCDE
942 _cLIB
_dJUS
_fJUS
_2ddc
_n
999 _c4252
_d4252